| 000 | 01026nam a2200229Ia 4500 | ||
|---|---|---|---|
| 999 |
_c38453 _d38453 |
||
| 001 | 4465 | ||
| 003 | GE_BSU | ||
| 005 | 20190517154546.0 | ||
| 008 | 181216s1983||||ge |||||||||||||| ||geo|| | ||
| 040 | _cGE_BSU | ||
| 041 | _ageo | ||
| 080 | _a532(072) ჰ–58 | ||
| 245 |
_aჰიდრავლიკა, ჰიდრავლიკური მანქანები, ჰიდროამძრავები / _cშემდგ . ი.ლომიძე ; ლ.ღოღელიანი ; რედ. ე.გიორგაძე. |
||
| 264 |
_aთბილისი : _bსპი, _c1989. |
||
| 300 |
_a44 გვ .: _c20 სმ. |
||
| 653 | _aჰიდრავლიკა, ჰიდრავლიკური მანქანები, ჰიდროამძრავები | ||
| 653 | _aფიზიკა | ||
| 700 |
_aლომიძე,ი _91309 |
||
| 700 |
_aღოღელიანი, ი _91310 |
||
| 700 |
_aგიორგაძე, ე _eრედაქტორი _9398 |
||
| 942 |
_cBK _2udc |
||